000 00441pab a2200169 454500
008 180718b2015 xxu||||| |||| 00| 0 eng d
100 _aChakrabarty, Manisha
245 _aPreferences, spatial prices and inequality
260 _c2015
300 _ap.1488-1501.
362 _aNov
650 _aIncome distribution
700 _aRay, Ranjan
700 _aMajumder, Amita
773 _aJournal of Development Studies
909 _a110781
999 _c110776
_d110776